| 000 | 00348 a2200133 4500 | ||
|---|---|---|---|
| 005 | 20250611043520.0 | ||
| 020 | _a9987-617-41-7 | ||
| 082 | _a657.45 MWI | ||
| 100 | _aM.A. Mwisho | ||
| 245 | _aThe Basics of Auditing | ||
| 260 |
_bResearch and Publications Department _c2004 |
||
| 300 |
_aviii,171p.:ill.;figures _bReferences _c20cm |
||
| 942 |
_2ddc _cBKS |
||
| 999 |
_c3675 _d3675 |
||